[Event "FIDE World Cup KO"]
[Site "Shenyang"]
[Date "2000.09.10"]
[Round "2.5"]
[White "Gelfand, Boris"]
[Black "Anand, Viswanathan"]
[Result "1/2-1/2"]
[WhiteElo "2681"]
[BlackElo "2762"]
[PlyCount "88"]
[EventDate "2000.08.07"]
[Source "ChessBase"]
[SourceDate "2000.11.21"]

1. d4 Nf6 2. c4 e6 3. Nc3 Bb4 4. e3 c5 5. Bd3 Nc6 6. Nge2 cxd4 7. exd4 d5 8. cxd5 Nxd5 9. O-O Bd6 10. Ne4 Be7 11. a3 O-O 12. Bc2 Re8 13. Qd3 g6 14. Bh6 b6 15. Rac1 Bb7 16. Ba4 Rc8 17. Rfd1 a6 18. Bxc6 Rxc6 19. Rxc6 Bxc6 20. Qxa6 Qa8 21. Qxa8 Rxa8 22. N2c3 Rc8 23. Rc1 Bb7 24. Nxd5 Rxc1+ 25. Bxc1 Bxd5 26. f3 b5 27. Bd2 Kf8 28. Kf2 f5 29. Nc3 Bc6 30. Ne2 Ke8 31. Nf4 Kd7 32. Nd3 Bd5 33. Ne5+ Ke8 34. Nd3 Kd7 35. Bb4 Bf6 36. Ke3 Bg5+ 37. f4 Bf6 38. g3 Bc4 39. Nc5+ Kc6 40. Bc3 Be7 41. Nd3 Bd6 42. Ne1 Bd5 43. Nd3 Bc4 44. Ne1 Bd5 1/2-1/2

[Event "Bastia FRA, Corsica Masters 2005"]
[Site "?"]
[Date "2005.11.05"]
[Round "4.3"]
[White "Milov Vadim"]
[Black "Anand Viswanathan"]
[Result "1-0"]
[WhiteElo "2652"]
[BlackElo "2788"]
[PlyCount "92"]
[EventDate "2005.??.??"]
[Source "www.chesslib.no"]
[SourceDate "2004.05.04"]

1. d4 Nf6 2. c4 e6 3. Nc3 Bb4 4. e3 O-O 5. Bd3 c5 6. Nge2 cxd4 7. exd4 d5 8. cxd5 Nxd5 9. O-O Nc6 10. Nxd5 exd5 11. Nf4 Bd6 12. Be3 Bxf4 13. Bxf4 Qf6 14. Be3 Bf5 15. Rc1 Bxd3 16. Qxd3 Rfe8 17. Rfd1 Re7 18. a3 Rae8 19. h3 h6 20. Rc5 Rd7 21. b4 b6 22. Rc2 Ne7 23. Bc1 Nf5 24. Qf3 Re4 25. Bb2 Qe6 26. b5 Re7 27. a4 Nh4 28. Qg3 Ng6 29. Bc1 Kh7 30. Be3 f5 31. Rc6 Qf7 32. Bc1 f4 33. Qg4 f3 34. Qxf3 Re1+ 35. Rxe1 Rxe1+ 36. Kh2 Qxf3 37. gxf3 Nh4 38. Be3 Ra1 39. Kg3 Ng6 40. h4 h5 41. Rc7 Rg1+ 42. Kh2 Ra1 43. Kg3 Rg1+ 44. Kh2 Ra1 45. Bg5 Rxa4 46. Bf6 Nf4 1-0

[Event "Biel"]
[Site "?"]
[Date "1996.??.??"]
[Round "?"]
[White "Onischuk, Al"]
[Black "Karpov, Anatoly"]
[Result "0-1"]
[WhiteElo "2605"]
[BlackElo "2775"]
[PlyCount "66"]
[EventDate "1996.??.??"]
[Source "ChessBase"]
[SourceDate "1996.06.01"]

1. d4 Nf6 2. c4 e6 3. Nc3 Bb4 4. e3 c5 5. Bd3 d5 6. Nge2 cxd4 7. exd4 Nc6 8. cxd5 Nxd5 9. O-O O-O 10. Bc2 Re8 11. Qd3 g6 12. a3 Bf8 13. Re1 Nxc3 14. bxc3 e5 15. Be3 Bf5 16. Qd1 Bxc2 17. Qxc2 Rc8 18. Qa4 b6 19. Red1 Qd5 20. c4 Qa5 21. Qb5 a6 22. Qd5 exd4 23. Nxd4 Ne5 24. Nb3 Qa4 25. c5 b5 26. Rd4 Nc4 27. Rf4 Rxe3 28. fxe3 Qxb3 29. Qxf7+ Kh8 30. Re4 Nd2 31. Re6 Ne4 32. h4 Qxe3+ 33. Kh1 Qd4 0-1

[Event "Linares (m/5)"]
[Site "?"]
[Date "1994.??.??"]
[Round "?"]
[White "Kamsky, G."]
[Black "Short, N."]
[Result "1-0"]
[WhiteElo "2695"]
[BlackElo "2665"]
[PlyCount "51"]
[EventDate "1994.??.??"]
[Source "ChessBase"]
[SourceDate "1994.06.01"]

1. d4 Nf6 2. c4 e6 3. Nc3 Bb4 4. e3 c5 5. Bd3 Nc6 6. Nge2 cxd4 7. exd4 d5 8. cxd5 Nxd5 9. O-O Bd6 10. Ne4 Be7 11. a3 O-O 12. Bc2 Re8 13. Qd3 g6 14. Bh6 b6 15. Rad1 Bb7 16. Rfe1 Rc8 17. Bb3 a6 18. N2g3 Nb8 19. Qf3 Rc7 20. Nh5 Nd7 21. h4 N7f6 22. Nhxf6+ Nxf6 23. d5 Nxe4 24. dxe6 f5 25. Rxd8 Rxd8 26. Rd1 1-0

[Event "Linares"]
[Site "?"]
[Date "1994.??.??"]
[Round "?"]
[White "Kamsky, G."]
[Black "Beliavsky, A."]
[Result "1-0"]
[WhiteElo "2695"]
[BlackElo "2650"]
[PlyCount "61"]
[EventDate "1994.??.??"]
[Source "ChessBase"]
[SourceDate "1994.02.01"]

1. d4 Nf6 2. c4 e6 3. Nc3 Bb4 4. e3 O-O 5. Bd3 c5 6. Nge2 cxd4 7. exd4 d5 8. O-O dxc4 9. Bxc4 Nc6 10. Bg5 Be7 11. Rc1 Qa5 12. Qd2 Rd8 13. a3 Bd7 14. Rfd1 Be8 15. Ba2 h6 16. Be3 Bd6 17. h3 Rac8 18. Bxh6 gxh6 19. Qxh6 Nh7 20. Bb1 f5 21. b4 Qc7 22. Qxe6+ Qf7 23. Bxf5 Rc7 24. Ne4 Qxe6 25. Bxe6+ Bf7 26. d5 Ne5 27. Nd4 Rxc1 28. Rxc1 Bb8 29. Nf5 Kf8 30. Nc5 Ng5 31. Nxb7 1-0

[Event "Sanghi Nagar (m/7)"]
[Site "?"]
[Date "1994.??.??"]
[Round "?"]
[White "Salov, V."]
[Black "Timman, J."]
[Result "1-0"]
[WhiteElo "2710"]
[BlackElo "2635"]
[PlyCount "87"]
[EventDate "1994.??.??"]
[Source "ChessBase"]
[SourceDate "1994.06.01"]

1. d4 Nf6 2. c4 e6 3. Nc3 Bb4 4. e3 c5 5. Bd3 Nc6 6. Nge2 cxd4 7. exd4 d5 8. cxd5 Nxd5 9. O-O O-O 10. Bb1 Be7 11. Qd3 g6 12. Qf3 Nxc3 13. bxc3 Bd7 14. Be4 Rc8 15. Rd1 f5 16. Bd3 Na5 17. Bh6 Rf7 18. Qe3 Nc4 19. Bxc4 Rxc4 20. Re1 Qc8 21. Bg5 e5 22. h4 exd4 23. cxd4 Qd8 24. Rac1 Bxg5 25. hxg5 Rxc1 26. Rxc1 f4 27. Nxf4 Qxg5 28. Nd3 Qxe3 29. fxe3 Bf5 30. Ne5 Re7 31. g4 Be4 32. g5 Kg7 33. Kf2 h6 34. gxh6+ Kxh6 35. Kg3 Kg5 36. a3 b6 37. Rf1 Bd5 38. Rf4 Rc7 39. e4 Bb3 40. Rg4+ Kh5 41. Kf4 Bf7 42. d5 Be8 43. Rg3 Kh6 44. d6 1-0

[Event "Sanghi Nagar (m/3)"]
[Site "?"]
[Date "1994.??.??"]
[Round "?"]
[White "Salov, V."]
[Black "Timman, J."]
[Result "1/2-1/2"]
[WhiteElo "2710"]
[BlackElo "2635"]
[PlyCount "130"]
[EventDate "1994.??.??"]
[Source "ChessBase"]
[SourceDate "1994.06.01"]

1. d4 Nf6 2. c4 e6 3. Nc3 Bb4 4. e3 c5 5. Bd3 Nc6 6. Nge2 cxd4 7. exd4 d5 8. cxd5 Nxd5 9. O-O O-O 10. Bc2 Bd6 11. Ne4 Be7 12. a3 Qb6 13. Qd3 g6 14. Rd1 Rd8 15. Qf3 e5 16. Ng5 Nf6 17. Qb3 Qxb3 18. Bxb3 Nxd4 19. Nxd4 Rxd4 20. Rxd4 exd4 21. Nxf7 Bd7 22. Bf4 Bc6 23. Re1 Bf8 24. Re5 Bg7 25. Nd8+ Kh8 26. Nf7+ Kg8 27. Nd8+ Kh8 28. Nxc6 bxc6 29. Re7 Nd5 30. Bxd5 cxd5 31. Rd7 Kg8 32. Rxd5 Rc8 33. g3 a6 34. a4 Rc4 35. b3 Rb4 36. Rd8+ Kf7 37. Rd7+ Kg8 38. Rd8+ Kf7 39. Rd7+ Kg8 40. Ra7 Rxb3 41. Rxa6 d3 42. Ra8+ Kf7 43. Ra7+ Kg8 44. Kg2 Ra3 45. Kf3 Bc3 46. Be3 Ra1 47. Rd7 d2 48. Rd8+ Kf7 49. Bxd2 Bxd2 50. Rxd2 Rxa4 51. Rd7+ Kg8 52. Re7 Ra3+ 53. Kg4 Ra2 54. Kf3 Ra3+ 55. Kg2 Ra4 56. h3 h5 57. Kf3 Kf8 58. Rd7 Rb4 59. g4 Rb3+ 60. Kg2 hxg4 61. hxg4 Ra3 62. f3 Ra5 63. Kg3 g5 64. Kf2 Re5 65. Rh7 Kg8 1/2-1/2

[Event "Bruxelles"]
[Site "?"]
[Date "1987.??.??"]
[Round "?"]
[White "Kasparov, Garry"]
[Black "Tal, M."]
[Result "1-0"]
[WhiteElo "2735"]
[BlackElo "2605"]
[PlyCount "61"]
[EventDate "1987.??.??"]
[Source "ChessBase"]
[SourceDate "1987.01.01"]

1. d4 Nf6 2. c4 e6 3. Nc3 Bb4 4. e3 O-O 5. Bd3 d5 6. cxd5 exd5 7. Nge2 c5 8. O-O Nc6 9. a3 cxd4 10. exd4 Bxc3 11. bxc3 Ne7 12. Qc2 Bd7 13. Bg5 Ng6 14. f4 h6 15. Bxf6 Qxf6 16. f5 Ne7 17. Ng3 Nc8 18. Rf4 Nd6 19. Qf2 Rfe8 20. Nh5 Qd8 21. Nxg7 Ne4 22. Bxe4 Rxe4 23. f6 Kh7 24. Rxe4 dxe4 25. Qf4 Bc6 26. Re1 Qf8 27. c4 Qxa3 28. Nf5 Qf8 29. Re3 Bd7 30. Rg3 Bxf5 31. Qxf5+ 1-0

[Event "Ubeda"]
[Site "Ubeda"]
[Date "1997.??.??"]
[Round "7"]
[White "Kortschnoj, Viktor"]
[Black "Jussupow, Artur"]
[Result "1/2-1/2"]
[WhiteElo "2635"]
[BlackElo "2665"]
[PlyCount "56"]
[EventDate "1997.02.??"]
[Source "ChessBase"]

1. d4 Nf6 2. c4 e6 3. Nc3 Bb4 4. e3 c5 5. Bd3 Nc6 6. Nge2 cxd4 7. exd4 d5 8. cxd5 Nxd5 9. O-O O-O 10. a3 Bd6 11. Ne4 Bc7 12. Bc2 Qh4 13. h3 h6 14. Qd3 Rd8 15. Nd2 Nf6 16. Nf3 Qh5 17. Bf4 Bxf4 18. Nxf4 Qa5 19. Rfe1 Qc7 20. g3 b6 21. Rac1 Bb7 22. Bb3 Rd6 23. Ne5 Nxe5 24. dxe5 Qxc1 25. Rxc1 Rxd3 26. Nxd3 Rd8 27. Ne1 Ne4 28. Rc7 Nc5 1/2-1/2

[Event "YUG team ch."]
[Site "?"]
[Date "2002.??.??"]
[Round "?"]
[White "Aleksandrov Aleksej"]
[Black "Georgiev Kiril"]
[Result "1-0"]
[WhiteElo "2650"]
[BlackElo "2650"]
[PlyCount "101"]
[EventDate "2002.??.??"]
[Source "www.chesslib.no"]
[SourceDate "2004.05.04"]

1. d4 Nf6 2. c4 e6 3. Nc3 Bb4 4. e3 O-O 5. Bd3 d5 6. cxd5 exd5 7. Nge2 Re8 8. Bd2 Bf8 9. O-O b6 10. Rc1 c5 11. dxc5 bxc5 12. Qa4 Nbd7 13. Rfd1 a6 14. Nf4 Ne5 15. Bb5 Re7 16. Be1 Bb7 17. Bf1 Rd7 18. Nce2 Bc6 19. Qa5 Qb8 20. b3 Raa7 21. h3 Ba8 22. Nd3 Ne4 23. Nef4 Nc6 24. Qa4 Nb4 25. f3 Nxd3 26. Nxd3 c4 27. bxc4 dxc4 28. Qxc4 Nd6 29. Qf4 Qe8 30. Nc5 Rd8 31. Ba5 Rb8 32. e4 h6 33. Rxd6 Bxd6 34. Qxd6 Rc8 35. Rd1 Bc6 36. Bb6 Raa8 37. Bxa6 Rcb8 38. Rb1 Kh8 39. Rb4 f5 40. a4 fxe4 41. fxe4 Ra7 42. a5 Rf7 43. Rd4 Ra8 44. Bc4 Rf6 45. Qd8 Kh7 46. Qxe8 Rxe8 47. Rd8 Re7 48. Rc8 Re8 49. Rxe8 Bxe8 50. Kh2 Kg6 51. Kg3 1-0

[Event "Poikovsky 84/448"]
[Site "?"]
[Date "2002.??.??"]
[Round "?"]
[White "Aleksandrov, A."]
[Black "Onischuk, Al"]
[Result "0-1"]
[WhiteElo "2654"]
[BlackElo "2641"]
[PlyCount "62"]
[EventDate "2002.??.??"]
[Source "Chess Informant"]
[SourceDate "2002.02.01"]

1. d4 Nf6 2. c4 e6 3. Nc3 Bb4 4. e3 O-O 5. Bd3 d5 6. cxd5 exd5 7. Nge2 Re8 8. Bd2 c5 9. a3 Bxc3 10. Bxc3 c4 11. Bc2 Nc6 12. O-O a5 13. a4 Nb4 14. Bb1 Ne4 15. Be1 b6 16. Ra3 Bf5 17. b3 Rc8 18. bxc4 Rxc4 19. Rb3 Qd7 20. Bxb4 axb4 21. Bd3 Qxa4 22. Nf4 Rc3 23. Rxc3 Qxd1 24. Rxd1 Nxc3 25. Rd2 Ra8 26. h4 Bxd3 27. Nxd3 b3 28. Rb2 Ra1+ 29. Kh2 Rb1 30. Rd2 Rd1 31. Rb2 Rxd3 0-1

[Event "EU-chT (Men)"]
[Site "Batumi"]
[Date "1999.12.07"]
[Round "9.2"]
[White "Aleksandrov, Aleksej"]
[Black "Polgar, Judit"]
[Result "1-0"]
[WhiteElo "2619"]
[BlackElo "2671"]
[PlyCount "103"]
[EventDate "1999.11.06"]
[Source "ChessBase"]
[SourceDate "2000.02.01"]

1. d4 Nf6 2. c4 e6 3. Nc3 Bb4 4. e3 O-O 5. Bd3 d5 6. cxd5 exd5 7. Nge2 Bd6 8. O-O Ng4 9. g3 Re8 10. Nxd5 Bxg3 11. fxg3 Qxd5 12. Qc2 Nxe3 13. Bxe3 Rxe3 14. Nc3 Qxd4 15. Bxh7+ Kh8 16. Kg2 Nc6 17. Rxf7 Be6 18. Rf4 Bh3+ 19. Kh1 Qe5 20. Be4 g5 21. Qf2 Rg8 22. Qxe3 gxf4 23. Qxf4 Qxf4 24. gxf4 Rf8 25. Nd5 Re8 26. Rg1 Rxe4 27. Nf6 Bg2+ 28. Rxg2 Re1+ 29. Rg1 Rxg1+ 30. Kxg1 Nb4 31. Kf2 Nd3+ 32. Ke3 Nxb2 33. Kd4 b6 34. Nd5 c5+ 35. Kc3 Na4+ 36. Kc4 a6 37. Nc7 b5+ 38. Kd3 Kg7 39. Nxa6 Kf6 40. h4 Kf5 41. h5 b4 42. Kc4 Nc3 43. a3 Nb1 44. a4 Nd2+ 45. Kd3 Nb3 46. Kc2 Nd4+ 47. Kb2 Ne2 48. Nxc5 Nxf4 49. a5 Nd5 50. a6 Nb6 51. a7 Kg5 52. Kb3 1-0

[Event "BIH-chT"]
[Site "Bihac"]
[Date "1999.08.25"]
[Round "5"]
[White "Shariyazdanov, Andrey"]
[Black "Bareev, Evgeny"]
[Result "1/2-1/2"]
[WhiteElo "2588"]
[BlackElo "2698"]
[PlyCount "49"]
[EventDate "1999.08.21"]
[Source "www.chesslib.no"]
[SourceDate "2004.05.04"]

1. d4 Nf6 2. c4 e6 3. Nc3 Bb4 4. e3 O-O 5. Bd3 d5 6. cxd5 exd5 7. Nge2 Re8 8. O-O Bd6 9. f3 c5 10. Rf2 Nc6 11. g4 b6 12. Rg2 Bb7 13. g5 Nd7 14. Bd2 Nf8 15. f4 cxd4 16. Nxd4 Bc5 17. Nce2 Nxd4 18. Nxd4 Bxd4 19. exd4 Qd7 20. f5 Re4 21. Bxe4 dxe4 22. Be3 Qxf5 23. Qg4 Qd5 24. Rf2 Bc8 25. Qg3 1/2-1/2

[Event "NED-ch"]
[Site "NED"]
[Date "1996.??.??"]
[Round "7"]
[White "Sokolov, Ivan"]
[Black "Timman, Jan H"]
[Result "1/2-1/2"]
[WhiteElo "2665"]
[BlackElo "2620"]
[PlyCount "51"]
[EventDate "1996.06.??"]
[Source "ChessBase"]

1. d4 Nf6 2. c4 e6 3. Nc3 Bb4 4. e3 O-O 5. Bd3 d5 6. Nge2 dxc4 7. Bxc4 c5 8. O-O Nc6 9. a3 cxd4 10. exd4 Bd6 11. h3 b6 12. Bg5 Be7 13. Qd3 Bb7 14. Bb3 Ne5 15. Qc2 Ng6 16. Rad1 Rc8 17. Qd3 Nd5 18. Bc1 Qd7 19. Nxd5 Bxd5 20. Bxd5 Qxd5 21. Nc3 Qb3 22. d5 Rfd8 23. Qa6 Qc4 24. Qxc4 Rxc4 25. dxe6 fxe6 26. Rxd8+ 1/2-1/2

[Event "Linares"]
[Site "?"]
[Date "1992.??.??"]
[Round "?"]
[White "Speelman, J."]
[Black "Salov, V."]
[Result "1/2-1/2"]
[WhiteElo "2630"]
[BlackElo "2655"]
[PlyCount "112"]
[EventDate "1992.??.??"]
[Source "ChessBase"]
[SourceDate "1992.02.01"]

1. d4 Nf6 2. c4 e6 3. Nc3 Bb4 4. e3 c5 5. Bd3 Nc6 6. Nge2 cxd4 7. exd4 d5 8. cxd5 Nxd5 9. O-O O-O 10. Qc2 Nf6 11. a3 Be7 12. Rd1 h6 13. Bf4 Re8 14. Bc4 Bf8 15. h3 Nd5 16. Bg3 Bd6 17. Rac1 Nce7 18. Ba2 Nxc3 19. Qxc3 Bxg3 20. Nxg3 Nd5 21. Qf3 b6 22. Bxd5 Qxd5 23. Qxd5 exd5 24. Rc7 g6 25. Rdc1 Ba6 26. b3 Rac8 27. Rxc8 Rxc8 28. Rxc8+ Bxc8 29. Ne2 Kf8 30. Nc3 Bb7 31. Kh2 Bc6 32. h4 Ke7 33. g4 g5 34. Kg3 f6 35. f4 Kf7 36. Nd1 Bd7 37. Ne3 Kg7 38. b4 Be6 39. Nd1 Bd7 40. Nc3 Bc6 41. Nd1 Bd7 42. Ne3 Be6 43. hxg5 hxg5 44. f5 Bf7 45. Nd1 Kf8 46. Nc3 Ke7 47. Kf2 Kd7 48. Ke3 Kc6 49. Kd3 Be8 50. Kc2 Kd6 51. Kb3 Bd7 52. b5 Be8 53. Kb4 Bd7 54. a4 Be8 55. a5 Bd7 56. Na4 Kc7 1/2-1/2

[Event "Donner mem"]
[Site "Amsterdam"]
[Date "1996.??.??"]
[Round "8"]
[White "Sokolov, Ivan"]
[Black "Granda Zuniga, Julio E"]
[Result "1/2-1/2"]
[WhiteElo "2670"]
[BlackElo "2610"]
[PlyCount "85"]
[EventDate "1996.08.17"]
[Source "ChessBase"]

1. d4 Nf6 2. c4 e6 3. Nc3 Bb4 4. e3 O-O 5. Bd3 d5 6. cxd5 exd5 7. Nge2 Re8 8. O-O b6 9. f3 Bb7 10. g4 c5 11. a3 cxd4 12. exd4 Bf8 13. Ng3 g6 14. Bf4 Re6 15. Kg2 Nc6 16. Nge2 Na5 17. b3 Rc8 18. h4 Bg7 19. Rc1 Qe7 20. Nb5 a6 21. Rxc8+ Bxc8 22. Nc7 Rc6 23. Nxa6 Bxa6 24. Bxa6 Qxa3 25. Bb5 Rc8 26. Be5 Qxb3 27. Qxb3 Nxb3 28. Nf4 h6 29. Rf2 g5 30. hxg5 hxg5 31. Ba6 Ra8 32. Bb7 Ra7 33. Nxd5 Nxd5 34. Bxd5 Nxd4 35. Bxd4 Bxd4 36. Rd2 Be3 37. Ra2 Rc7 38. Kf1 Kg7 39. Ke2 Bc5 40. Ra8 Rd7 41. Be4 Kf6 42. Rb8 Ke5 43. Rb7 1/2-1/2

[Event "BL2-West 9900"]
[Site "Germany"]
[Date "2000.01.30"]
[Round "5.1"]
[White "Aleksandrov, Aleksej"]
[Black "Georgiev, Kiril"]
[Result "1/2-1/2"]
[WhiteElo "2619"]
[BlackElo "2650"]
[PlyCount "85"]
[EventDate "1999.10.??"]
[Source "ChessBase"]
[SourceDate "2000.03.10"]

1. d4 Nf6 2. c4 e6 3. Nc3 Bb4 4. e3 O-O 5. Bd3 d5 6. cxd5 exd5 7. Nge2 Re8 8. O-O Bf8 9. a3 a5 10. Qc2 Na6 11. Bd2 c6 12. Rad1 g6 13. Bc1 Nc7 14. Rfe1 Ne6 15. Qb1 b5 16. Nf4 Nxf4 17. exf4 Rxe1+ 18. Rxe1 Qb6 19. h3 c5 20. dxc5 Bxc5 21. Nd1 Bb7 22. f5 Re8 23. Rxe8+ Nxe8 24. b4 axb4 25. axb4 Bf8 26. Nc3 Qd4 27. Nxb5 Qxb4 28. Qxb4 Bxb4 29. Bf4 Ba6 30. fxg6 hxg6 31. Bf1 Nf6 32. Be3 Ne4 33. Nd4 Bxf1 34. Kxf1 f5 35. f3 Nf6 36. Ke2 Kf7 37. Kd3 Bd6 38. Ne2 Nd7 39. Bf4 Nc5+ 40. Ke3 Be7 41. Be5 Ne6 42. Kd3 Bb4 43. Nf4 1/2-1/2

[Event "Munich"]
[Site "Munich"]
[Date "1992.??.??"]
[Round "1"]
[White "Speelman, Jonathan S"]
[Black "Gurevich, Mikhail"]
[Result "1/2-1/2"]
[WhiteElo "2630"]
[BlackElo "2635"]
[PlyCount "45"]
[EventDate "1992.05.??"]
[Source "ChessBase"]

1. d4 Nf6 2. c4 e6 3. Nc3 Bb4 4. e3 c5 5. Bd3 Nc6 6. Nge2 cxd4 7. exd4 d5 8. cxd5 Nxd5 9. O-O O-O 10. Qc2 h6 11. a3 Bd6 12. Ne4 Bc7 13. Rd1 Qh4 14. g3 Qh5 15. N4c3 Nxc3 16. Nxc3 e5 17. Be2 Bf5 18. Qb3 Bg4 19. Bxg4 Qxg4 20. Qxb7 Nxd4 21. Qxc7 Rac8 22. Qb7 Rxc3 23. Rxd4 1/2-1/2

[Event "Chalkidiki Afitos"]
[Site "Chalkidiki"]
[Date "1993.??.??"]
[Round "3"]
[White "Gelfand, Boris"]
[Black "Kotronias, Vasilios"]
[Result "1/2-1/2"]
[WhiteElo "2670"]
[BlackElo "2590"]
[PlyCount "54"]
[EventDate "1993.09.??"]
[Source "ChessBase"]

1. d4 Nf6 2. c4 e6 3. Nc3 Bb4 4. e3 O-O 5. Bd3 d5 6. cxd5 exd5 7. Nge2 Re8 8. O-O Bd6 9. f3 c5 10. Qe1 Nc6 11. Qh4 Ne7 12. Nb5 Ng6 13. Qf2 Bf8 14. dxc5 Bxc5 15. b3 Bd7 16. Nbd4 Rc8 17. Bd2 Ne5 18. Bc2 Qb6 19. Rad1 Bxd4 20. Nxd4 Bb5 21. Rfe1 Bd3 22. Bc1 Qa6 23. Qd2 Bxc2 24. Nxc2 Qxa2 25. Nd4 Qa6 26. Bb2 Qb6 27. Qf2 Ng6 1/2-1/2

[Event "Moscow ol (Men)"]
[Site "Moscow"]
[Date "1994.??.??"]
[Round "3"]
[White "Rogers, Ian"]
[Black "Ivanchuk, Vassily"]
[Result "0-1"]
[WhiteElo "2560"]
[BlackElo "2695"]
[PlyCount "68"]
[EventDate "1994.11.??"]
[Source "ChessBase"]

1. d4 Nf6 2. c4 e6 3. Nc3 Bb4 4. e3 c5 5. Bd3 Nc6 6. Nge2 cxd4 7. exd4 d5 8. cxd5 Nxd5 9. O-O O-O 10. Bc2 Bd6 11. Ne4 Be7 12. a3 Qc7 13. Qd3 Rd8 14. Ng5 g6 15. Qf3 Bf6 16. Rd1 Bg7 17. Bb3 h6 18. Ne4 Nce7 19. N4c3 Nxc3 20. bxc3 Qc6 21. Qxc6 Nxc6 22. Be3 Na5 23. Ba2 b6 24. d5 Ba6 25. Ng3 e5 26. f4 Nc4 27. Bc1 exf4 28. Bxf4 Nb2 29. Bc7 Nxd1 30. Rxd1 Rd7 31. d6 Rc8 32. Bd5 Be5 33. Ne4 Kg7 34. Re1 Rcxc7 0-1

[Event "XIX Carlos Torre Mem KO"]
[Site "Merida MES"]
[Date "2006.12.18"]
[Round "1.1"]
[White "Milov, V."]
[Black "Ehlvest, J."]
[Result "0-1"]
[WhiteElo "2657"]
[BlackElo "2597"]
[PlyCount "90"]
[EventDate "2006.12.18"]
[Source "www.chesslib.no"]
[SourceDate "2004.05.04"]

1. d4 Nf6 2. c4 e6 3. Nc3 Bb4 4. e3 O-O 5. Bd3 d5 6. cxd5 exd5 7. Nge2 Bd6 8. Bd2 Re8 9. Qc2 c6 10. f3 c5 11. dxc5 Bxc5 12. e4 dxe4 13. Nxe4 Nxe4 14. Bxe4 Qb6 15. Bxh7+ Kh8 16. Be4 Be6 17. Rc1 Nd7 18. Kf1 Rac8 19. Bc3 Nf6 20. Bxf6 Bg1 21. Bd4 Bxd4 22. Qa4 Rxc1+ 23. Nxc1 Rd8 24. Ne2 Bf6 25. g4 Qxb2 26. Bc2 Bd5 27. g5 Bxg5 28. Rg1 Bh6 29. Rg3 b5 30. Qh4 Re8 31. Bd3 Bxa2 32. f4 Qd2 33. Bxb5 Rd8 34. f5 Rd5 35. Qe4 Qd1+ 36. Kf2 Bb1 37. Qe8+ Kh7 38. Rf3 Bxf5 39. Bc4 Be6 40. Bxd5 Qxd5 41. Qa4 Qe5 42. Ng3 Qc5+ 43. Ke2 Bc4+ 44. Ke1 Qe5+ 45. Kf2 Qd4+ 0-1

[Event "Sigeman & Co"]
[Site "Malmo"]
[Date "2002.06.06"]
[Round "1"]
[White "Epishin, Vladimir"]
[Black "Nielsen, Peter Heine"]
[Result "1/2-1/2"]
[WhiteElo "2606"]
[BlackElo "2636"]
[PlyCount "80"]
[EventDate "2002.06.06"]
[Source "ChessBase"]
[SourceDate "2002.09.20"]

1. d4 Nf6 2. c4 e6 3. Nc3 Bb4 4. e3 O-O 5. Bd3 c5 6. Nge2 d5 7. cxd5 cxd4 8. exd4 Nxd5 9. O-O Nc6 10. a3 Bd6 11. Nxd5 exd5 12. Nf4 Re8 13. Bc2 Bxf4 14. Bxf4 Qf6 15. Be3 Bf5 16. Bb3 Rad8 17. Qd2 h6 18. Rac1 b6 19. Ba4 Bd7 20. Rc3 Na5 21. Bc2 Bf5 22. Bxh6 Nc4 23. Qf4 Qxh6 24. Qxf5 g6 25. Qg4 Nxb2 26. Rc7 Rd6 27. Qf3 Rf8 28. Bb3 Qg5 29. h3 Nc4 30. Bxc4 Qd8 31. Rxa7 dxc4 32. Qb7 Rxd4 33. Qc7 Qxc7 34. Rxc7 Ra8 35. Rc1 b5 36. Rc5 Rxa3 37. Rxb5 Ra2 38. Rc5 Rdd2 39. R5xc4 Rxf2 40. Rg4 Rfc2 1/2-1/2

[Event "Istanbul (ol)"]
[Site "?"]
[Date "2000.??.??"]
[Round "?"]
[White "Giorgadze, G."]
[Black "Piket, Je"]
[Result "0-1"]
[WhiteElo "2595"]
[BlackElo "2645"]
[PlyCount "76"]
[EventDate "2000.??.??"]
[Source "Chess Informant"]
[SourceDate "2000.10.01"]

1. d4 Nf6 2. c4 e6 3. Nc3 Bb4 4. e3 O-O 5. Bd3 d5 6. cxd5 exd5 7. Nge2 Re8 8. O-O c6 9. f3 b6 10. g4 Ba6 11. Bc2 Nbd7 12. Rf2 Nf8 13. Ng3 Ne6 14. f4 Bxc3 15. bxc3 Nc7 16. a4 Bc4 17. f5 Ne4 18. Bxe4 dxe4 19. f6 g6 20. g5 Qd7 21. Rf4 Qh3 22. Qg4 Qxg4 23. Rxg4 Bd3 24. c4 b5 25. axb5 cxb5 26. cxb5 Nxb5 27. Nh1 a5 28. Nf2 a4 29. Nxd3 h5 30. Rxe4 Rxe4 31. Nc5 Rg4+ 32. Kf2 h4 33. Rxa4 Rxa4 34. Nxa4 h3 35. Nc5 Rg2+ 36. Kf3 Rxh2 37. Ne4 Rh1 38. Bd2 Rg1 0-1

[Event "FRA-chT"]
[Site "France"]
[Date "2002.03.30"]
[Round "5.1"]
[White "Renet, Olivier"]
[Black "Adams, Michael"]
[Result "0-1"]
[WhiteElo "2494"]
[BlackElo "2742"]
[PlyCount "98"]
[EventDate "2002.02.01"]
[Source "ChessBase"]
[SourceDate "2002.07.08"]

1. d4 Nf6 2. c4 e6 3. Nc3 Bb4 4. e3 O-O 5. Bd3 d5 6. Nge2 dxc4 7. Bxc4 e5 8. Qc2 Nc6 9. a3 exd4 10. axb4 dxc3 11. b5 Ne5 12. Qxc3 Be6 13. Qxe5 Bxc4 14. Nd4 Nd7 15. Qf5 Re8 16. b3 Re5 17. Qc2 Bxb5 18. Nxb5 Rxb5 19. O-O Nc5 20. Rd1 Qe8 21. Bb2 a6 22. Qc3 Ne6 23. e4 h6 24. h4 c5 25. Qg3 c4 26. Rd6 Rxb3 27. Qe5 Qb5 28. Rd5 Qb4 29. Bd4 c3 30. Kh2 c2 31. Rc1 Nxd4 32. Rxd4 Qc3 33. Qd5 Rb1 34. Rc4 Qf6 35. e5 Qxf2 36. R1xc2 Qg1+ 37. Kh3 Qe3+ 38. Kh2 Qg1+ 39. Kh3 Qe3+ 40. Kh2 Rb5 41. Rc8+ Rxc8 42. Rxc8+ Kh7 43. Qxf7 Qxe5+ 44. g3 Rb2+ 45. Kh3 Rf2 46. Qg8+ Kg6 47. Rc4 h5 48. Rc5 Qxc5 49. Qe8+ Rf7 0-1

[Event "Yerevan (ol)"]
[Site "?"]
[Date "1996.??.??"]
[Round "?"]
[White "Giorgadze, G."]
[Black "Almasi, Z."]
[Result "0-1"]
[WhiteElo "2580"]
[BlackElo "2655"]
[PlyCount "82"]
[EventDate "1996.??.??"]
[Source "ChessBase"]
[SourceDate "1996.06.01"]

1. d4 Nf6 2. c4 e6 3. Nc3 Bb4 4. e3 O-O 5. Bd3 d5 6. cxd5 exd5 7. Nge2 Re8 8. O-O Bd6 9. f3 c5 10. Qe1 Nc6 11. Qh4 Be7 12. Qf2 a6 13. g4 b5 14. Ng3 b4 15. Nce2 a5 16. g5 Nd7 17. f4 Ba6 18. Bxa6 Rxa6 19. Bd2 Nb6 20. Rad1 Qd7 21. Bc1 a4 22. f5 cxd4 23. exd4 Bd6 24. Nf4 Nc4 25. Nd3 Raa8 26. Nf4 Rac8 27. b3 axb3 28. axb3 Bxf4 29. Bxf4 Nd6 30. Bxd6 Qxd6 31. f6 g6 32. Rc1 h6 33. gxh6 Kh7 34. Rc5 Re6 35. Qg2 Rd8 36. Nf5 Qd7 37. Qg5 Re4 38. Kh1 Qe6 39. Ne7 Nxd4 40. Nxg6 Rg4 41. Qe5 Kxg6 0-1

[Event "Elenite"]
[Site "Elenite"]
[Date "1994.??.??"]
[Round "2"]
[White "Vyzmanavin, Alexey"]
[Black "Gurevich, Mikhail"]
[Result "1/2-1/2"]
[WhiteElo "2610"]
[BlackElo "2620"]
[PlyCount "25"]
[EventDate "1994.??.??"]
[Source "ChessBase"]

1. d4 Nf6 2. c4 e6 3. Nc3 Bb4 4. e3 c5 5. Bd3 Nc6 6. Nge2 cxd4 7. exd4 d5 8. cxd5 Nxd5 9. O-O O-O 10. Be4 Bd6 11. Bxd5 exd5 12. Bf4 Bb4 13. a3 1/2-1/2

[Event "Moscow Aeroflot op"]
[Site "Moscow"]
[Date "2002.02.06"]
[Round "3"]
[White "Aleksandrov, Aleksej"]
[Black "Sulskis, Sarunas"]
[Result "1-0"]
[WhiteElo "2645"]
[BlackElo "2579"]
[PlyCount "95"]
[EventDate "2002.02.04"]
[Source "ChessBase"]
[SourceDate "2002.03.21"]

1. d4 Nf6 2. c4 e6 3. Nc3 Bb4 4. e3 O-O 5. Bd3 d5 6. cxd5 exd5 7. Nge2 Re8 8. O-O Bd6 9. Bd2 Nbd7 10. Rc1 a6 11. Qb3 Nb6 12. Ng3 Be6 13. Nce2 Nc4 14. Bb4 a5 15. Bxd6 cxd6 16. Rc2 b5 17. a4 bxa4 18. Qxa4 Qb8 19. b3 Nb6 20. Qa3 a4 21. bxa4 Nxa4 22. Ra1 Nb6 23. Qc1 Rxa1 24. Qxa1 Rc8 25. Rb2 g6 26. Qb1 Nfd7 27. h4 Qc7 28. h5 Nc4 29. Rb7 Qc6 30. hxg6 hxg6 31. Nf4 Ncb6 32. Ra7 Nf6 33. Nf1 Ne4 34. Ra6 Rb8 35. Bxe4 dxe4 36. d5 Qb7 37. Rxb6 Qxb6 38. Qxb6 Rxb6 39. dxe6 fxe6 40. Nxe6 d5 41. Nf4 Rd6 42. Ng3 Kf7 43. Nge2 g5 44. Nh3 Kf6 45. Kh2 Kg6 46. Kg3 Kh5 47. Nd4 Rd7 48. Ne6 1-0